000 00457nam a2200181Ia 4500
005 20250507125755.0
008 008 250505s9999 xx 000 0 kor d
020 _a8809086110465
037 _aAudio
040 _aEASL
_beng
_cEASL
041 _akor
_2eng
084 _aCD00013
_qEASL
245 0 _aToma Ahnjoongkuen=Thomas AhnJoongKeun
365 _aW
_b5000
650 _aKorean
942 _cAUD
_hCD00013
999 _c1312996
_d1312996